000 00675nam a2200241Ia 4500
003 OSt
005 20220918173145.0
006 a|||||r|||| 00| 0
007 ta
008 220917b |||||||| |||| 00| 0 eng d
024 _a5,391
037 _cTextual
040 _aARTS
_cARTS
_beng
041 _2eng
_aeng
082 _a2:7.2aN5, M1-;2
100 _aSengupta Benoyendra.
_944439
245 0 _aIndian reference and information sources
260 _aCalcutta
_bWorld Press
_c1981
300 _axxiv,406p Index 385-406p
_ccm.
650 _aLIBRARY SCIENCE
942 _h2:7.2aN5, M1-;2
_cTEXL
_2CC
999 _c147423
_d147423